BUBT Library Online Catalog

Building construction / (Record no. 6071)

000 -LEADER
fixed length control field 00636nam a22002057a 4500
003 - CONTROL NUMBER IDENTIFIER
control field BUBTL
008 - FIXED-LENGTH DATA ELEMENTS--GENERAL INFORMATION
fixed length control field 190528b xxu||||| |||| 00| 0 eng d
020 ## - INTERNATIONAL STANDARD BOOK NUMBER
International Standard Book Number 978-81-318-0428-5
082 ## - DEWEY DECIMAL CLASSIFICATION NUMBER
Classification number 690 / PUB
100 ## - MAIN ENTRY--PERSONAL NAME
9 (RLIN) 2178
Personal name Punmia,B.C.
245 ## - TITLE STATEMENT
Title Building construction /
Statement of responsibility, etc. B C Punmia, Ashok Kumar Jain, Arun Kumar Jain
260 ## - PUBLICATION, DISTRIBUTION, ETC. (IMPRINT)
Place of publication, distribution, etc. New Delhi
Name of publisher, distributor, etc. Laxmi Publications (P) Ltd.,
Date of publication, distribution, etc. c2012.
300 ## - PHYSICAL DESCRIPTION
Extent xvi, 668 p. :
Other physical details ill.;
Dimensions 24 cm.
650 #0 - SUBJECT ADDED ENTRY--TOPICAL TERM
9 (RLIN) 2171
Topical term or geographic name as entry element Civil Engineering
700 ## - ADDED ENTRY--PERSONAL NAME
9 (RLIN) 2180
Personal name Jain, Ashok K.
700 ## - ADDED ENTRY--PERSONAL NAME
9 (RLIN) 2181
Personal name Jain, Arun K.
856 ## - ELECTRONIC LOCATION AND ACCESS
Password 0
Logon 0
Link text Download
942 ## - ADDED ENTRY ELEMENTS (KOHA)
Source of classification or shelving scheme
Koha item type Books
Holdings
Withdrawn status Lost status Source of classification or shelving scheme Damaged status Not for loan Collection code Permanent location Current location Shelving location Date acquired Inventory number Total Checkouts Full call number Barcode Date last seen Copy number Price effective from Koha item type
        Not For Loan Non-fiction Bangladesh University of Business and Technology Library Bangladesh University of Business and Technology Library Civil Engineering Stack 05/19/2019 25595   690 / PUB BUBTL-200325595 05/28/2019 C-1 05/28/2019 Books
          Non-fiction Bangladesh University of Business and Technology Library Bangladesh University of Business and Technology Library Civil Engineering Stack 05/19/2019 25596   690 / PUB BUBTL-200325596 05/28/2019 C-2 05/28/2019 Books
          Non-fiction Bangladesh University of Business and Technology Library Bangladesh University of Business and Technology Library Civil Engineering Stack 05/19/2019 25597   690 / PUB BUBTL-200325597 05/28/2019 C-1 05/28/2019 Books

More Information About Library

Library Hours

  • Open: 9.00 am. to 9.00 pm.
  • Only Sunday: 9.00 am. to 6.00 pm.
  • Closed: Holiday

Contact to the University

Bangladesh University of Business and Technology Library

  • Mirpurl-2, 1216.
  • Phone:
  • Fax:
  • E-Mail: admin.library@bubt.edu.bd

Contact to the Library

Contact Person:

Md. Abdul Hakim Shah
Joint Librarian
PABX No:  113
Cell No: 01816332931
E-mail: official: admin.library@bubt.edu.bd
Personal: hakim.shah@bubt.edu.bd


BUBT Library

Copyright © 2021